Statistics for Word Scramble Geography by Letter - W

Click here to take the quiz!

General Stats

  • This quiz has been taken 246 times
  • The average score is 4 of 5

Answer Stats

Answer% Correct
Wales
100%
Warsaw
100%
Wellington
100%
Welsh
100%
West
100%
Wyoming
100%
Wisconsin
95%
Washington
94%
Winnipeg
89%
Wuhan
80%
West Virginia
69%
Windhoek
50%
Wallonia
43%

Score Distribution

Percentile by Number Answered

Percent of People with Each Score

Your Score History

You have not taken this quiz